000 00699nam a2200241Ia 4500
003 OSt
005 20220926032321.0
006 a|||||r|||| 00| 0
007 ta
008 220923b |||||||| |||| 00| 0 eng d
020 _a0312193831
037 _cGeneral Book
040 _aRTL
_cRTL
_beng
041 _2eng
_aeng
082 _aX:3M24xM18:g(Y:6), M2
100 _aMarkovic Mihailo
_9124034
245 0 _aDemocraic socialism
_b Theory and practice
260 _aSussex
_bHarvester
_c1982
300 _axvi, 215p
_ccm.
650 _aEconomics Classics Karl Marx
942 _hX:3M24xM18:g(Y:6), M2
_cGB
_2CC
999 _c654387
_d654387